Statistics for Historical Timeline of Greece

Click here to take the quiz!

General Stats

  • This quiz has been taken 101 times
  • The average score is 15 of 21

Answer Stats

YearHintAnswer% Correct
1832 | 1944Kingdom of G_____Kingdom of Greece
95%
27 BCR____ EmpireRoman Empire
94%
146 BCR____ RepublicRoman Republic
94%
S_____Sparta
94%
A_____Athens
93%
1453O______ EmpireOttoman Empire
91%
500 BCKingdom of M________Kingdom of Macedonia
84%
330B________ EmpireByzantine Empire
84%
3650 BCM_____ CivilizationMinoan Civilization
83%
C______Corinth
68%
1822H_______ RepublicHellenic Republic
67%
T_____Thebes
66%
1941I____Italy
66%
1600 BCM________ CivilizationMycenaean Civilization
62%
1941G______Germany
60%
330 BCEpi___Epirus
52%
1205V_____Venice
43%
1204L____ EmpireLatin Empire
40%
824Emirate of C____Emirate of Crete
37%
280 BCAch___ LeagueAchaean League
26%

Score Distribution

Percentile by Number Answered

Percent of People with Each Score

Your Score History

You have not taken this quiz